Postharvest residue burning under alternative silvicultural practices / Robert W. Steele.

Bibliographic Details
Main Author: Steele, Robert W.
Corporate Authors: Intermountain Forest and Range Experiment Station (Ogden, Utah), United States. Forest Service
Format: Government Document Book
Language:English
Published: Ogden, Utah : Dept. of Agriculture, Forest Service, Intermountain Forest and Range Experiment Station, 1980.
Series:USDA Forest Service research note INT ; 293.
Subjects:

MARC

Tag First Indicator Second Indicator Subfields
LEADER 00000cam a2200000 i 4500
001 in00000817321
005 20151018114858.0
008 800801s1980 utu f00010 eng d
010 |a gp 80019661  
020 |c pbk. 
035 |a (OCoLC)06597742 
035 |9 ADV0536AM 
037 |b 84401 
040 |c GPO  |d MvI-ran  |d UtOrBLW 
043 |a n-us-mt 
074 |a 83-B 
086 0 |a A 13.79:INT-293 
100 1 |a Steele, Robert W. 
245 1 0 |a Postharvest residue burning under alternative silvicultural practices / Robert W. Steele. 
264 1 |a Ogden, Utah :  |b Dept. of Agriculture, Forest Service, Intermountain Forest and Range Experiment Station,  |c 1980. 
300 |a 7 pages ;  |c 27 cm. 
336 |a text  |b txt  |2 rdacontent 
337 |a unmediated  |b n  |2 rdamedia 
338 |a volume  |b nc  |2 rdacarrier 
490 1 |a USDA Forest Service research note INT ;  |v 293 
500 |a Issued July 1980. 
650 0 |a Prescribed burning  |z Montana. 
650 0 |a Slash (Logging) 
710 2 |a Intermountain Forest and Range Experiment Station (Ogden, Utah) 
710 1 |a United States.  |b Forest Service. 
830 0 |a USDA Forest Service research note INT ;  |v 293. 
999 |a MARS 
999 f f |s d0feff20-3685-3baa-a926-cda4fe773359  |i 9a8c2b76-6f94-3767-9328-4f3dfcbebd10  |t 0 
952 f f |p normal  |a Texas A&M University  |b College Station  |c Sterling C. Evans Library  |d Evans: US Documents (Annex 5th floor)  |t 0  |e A 13.79: INT-293  |h Superintendent of Documents classification  |i unmediated -- volume  |m A14812807847 
998 f f |a A 13.79: INT-293  |t 0  |l Evans: US Documents (Annex 5th floor)